[Event "BL 0304 SK König Plauen - SFR Neukölln"]
[Site "?"]
[Date "2004.02.15"]
[Round "8.5"]
[White "Poldauf, Dirk"]
[Black "Kuraszkiewicz, Michael"]
[Result "1-0"]
[WhiteElo "2404"]
[BlackElo "2304"]
[PlyCount "75"]
[EventDate "2004.??.??"]

1. c4 c6 2. e4 d5 3. exd5 cxd5 4. cxd5 Nf6 5. Bb5+ Nbd7 6. Nc3 a6 7. Qa4 g6 8.
d4 Bg7 9. Nf3 O-O 10. Bxd7 Bxd7 11. Qb3 Qc7 12. O-O Rad8 13. Bg5 Bc8 14. Rfe1
Rfe8 15. Ne5 Qd6 16. Nc4 Qd7 17. Nb6 Qg4 18. Be3 Bf5 19. f3 Qh4 20. Bf2 Qh6 21.
Rad1 g5 22. g4 Bd7 23. Kg2 Qg6 24. Bg3 Bxg4 25. fxg4 Nxg4 26. Ne4 f5 27. d6+
Kh8 28. d7 Rf8 29. Nf2 Nxf2 30. Bxf2 f4 31. Qe6 Qc2 32. Nd5 g4 33. Qxg4 f3+ 34.
Kg1 Bh6 35. Nxe7 Rf7 36. d5 Rxe7 37. Bd4+ Bg7 38. Qxg7+ {Zeit} 1-0

[Event "BL 0304 SK König Plauen - SFR Neukölln"]
[Site "?"]
[Date "2004.02.15"]
[Round "8.6"]
[White "Dirr, Ulrich"]
[Black "Thiede, Lars"]
[Result "1/2-1/2"]
[WhiteElo "2299"]
[BlackElo "2440"]
[PlyCount "81"]
[EventDate "2004.??.??"]

1. e4 g6 2. d4 Bg7 3. Nc3 d6 4. Be3 Nd7 5. Nf3 a6 6. Bc4 e6 7. a4 b6 8. O-O Bb7
9. Qd2 h6 10. Ne1 Ndf6 11. f3 d5 12. exd5 exd5 13. Bb3 Ne7 14. Ne2 Nf5 15. Bf4
g5 16. Be5 O-O 17. c3 Ne7 18. Nd3 Nc6 19. Bg3 Na5 20. Ba2 Nc4 21. Qc1 Re8 22.
Re1 Re6 23. Bf2 Qe8 24. Ng3 Nd6 25. Rxe6 Qxe6 26. Qc2 Re8 27. Re1 Qc8 28. Ne5
Kf8 29. Bb1 Re7 30. Qc1 Qe8 31. b3 Nd7 32. Nxd7+ Qxd7 33. Nh5 Bh8 34. h4 f6 35.
Ng3 Bc8 36. hxg5 fxg5 37. Qc2 Rxe1+ 38. Bxe1 Qf7 39. Bd2 Be6 40. Qd3 Bc8 41.
Qe2 1/2-1/2

[Event "BL 0304 SK König Plauen - SFR Neukölln"]
[Site "?"]
[Date "2004.02.15"]
[Round "8.7"]
[White "Schwarz, Michael"]
[Black "Espig, Thomas"]
[Result "1/2-1/2"]
[WhiteElo "2409"]
[BlackElo "2300"]
[PlyCount "51"]
[EventDate "2004.??.??"]

1. g3 e5 2. Bg2 Nf6 3. c4 g6 4. Nf3 d6 5. d4 exd4 6. Nxd4 Bg7 7. O-O O-O 8. Nc3
Nbd7 9. h3 Re8 10. b3 Nc5 11. Bb2 Bd7 12. b4 Nce4 13. Nxe4 Nxe4 14. Qc2 Qe7 15.
Nb5 Bxb2 16. Qxb2 Bxb5 17. cxb5 a6 18. bxa6 Rxa6 19. e3 h5 20. Rfc1 d5 21. b5
Rd6 22. Rc2 h4 23. g4 c5 24. bxc6 bxc6 25. Rac1 Qd7 26. a4 1/2-1/2

[Event "BL 0304 SK König Plauen - SFR Neukölln"]
[Site "?"]
[Date "2004.02.15"]
[Round "8.8"]
[White "Pfeufer, Lion"]
[Black "Rudolf, Henrik"]
[Result "0-1"]
[WhiteElo "2015"]
[BlackElo "2316"]
[PlyCount "108"]
[EventDate "2004.??.??"]

1. e4 d6 2. d4 Nf6 3. Nc3 g6 4. h3 Bg7 5. Nf3 O-O 6. Be2 c6 7. a4 Nbd7 8. O-O
e5 9. dxe5 dxe5 10. Be3 Qe7 11. Bc4 Nc5 12. Ng5 h6 13. Nxf7 Rxf7 14. Bxc5 Qxc5
15. Qd8+ Qf8 16. Bxf7+ Kxf7 17. Qd3 Be6 18. Rad1 Qc5 19. b3 Kg8 20. g4 h5 21.
g5 Nh7 22. h4 Rf8 23. Qd6 Qxd6 24. Rxd6 Kf7 25. Ne2 Ke7 26. Rd3 Re8 27. Kg2 Nf8
28. f4 Bg4 29. Rd2 Bxe2 30. Rxe2 exf4 31. Rxf4 Ne6 32. Rf1 Bd4 33. e5 Rf8 34.
Rxf8 Nxf8 35. Re4 c5 36. b4 Ke6 37. bxc5 Bxc5 38. Kf3 Nd7 39. Kf4 a5 40. Rc4 b6
41. Re4 Bb4 42. Rc4 Bd2+ 43. Kg3 Nxe5 44. Rc8 Kf5 45. Rb8 Be3 46. Rf8+ Ke4 47.
Re8 Bf4+ 48. Kg2 Kd5 49. Rf8 Be3 50. Rf6 Kc5 51. Re6 Bd4 52. Kg3 b5 53. axb5
Kxb5 54. Kf4 a4 0-1

[Event "BL 0304 Hamburger SK - SV Werder Bremen"]
[Site "?"]
[Date "2004.02.14"]
[Round "8.1"]
[White "Hracek, Zbynek"]
[Black "Ftacnik, Lubomir"]
[Result "1/2-1/2"]
[WhiteElo "2578"]
[BlackElo "2585"]
[PlyCount "61"]
[EventDate "2004.??.??"]

1. d4 d5 2. c4 c6 3. Nc3 Nf6 4. Nf3 a6 5. cxd5 cxd5 6. Bg5 Ne4 7. Bf4 Nc6 8. e3
Nxc3 9. bxc3 g6 10. Bd3 Bg7 11. O-O Bg4 12. Rb1 Ra7 13. c4 O-O 14. c5 e5 15.
dxe5 Bxe5 16. Bxe5 Bxf3 17. gxf3 Nxe5 18. Be2 Nc6 19. f4 d4 20. Bf3 dxe3 21.
Qxd8 exf2+ 22. Kxf2 Rxd8 23. Rfd1 Kf8 24. a4 Rxd1 25. Rxd1 Ra8 26. Bxc6 bxc6
27. Rd6 Rb8 28. Rxc6 Rb4 29. Rxa6 Rxf4+ 30. Ke3 Rc4 31. c6 1/2-1/2

[Event "BL 0304 Hamburger SK - SV Werder Bremen"]
[Site "?"]
[Date "2004.02.14"]
[Round "8.4"]
[White "Hansen, Sune Berg"]
[Black "Skripchenko-Lautier, Almira"]
[Result "1/2-1/2"]
[WhiteElo "2551"]
[BlackElo "2460"]
[PlyCount "77"]
[EventDate "2004.??.??"]

1. e4 c5 2. b3 e6 3. Bb2 a6 4. g3 b5 5. Bg2 Bb7 6. Qe2 Nf6 7. f4 Qc7 8. e5 Nd5
9. Nf3 Nc6 10. O-O Rc8 11. Nc3 Nxc3 12. Bxc3 Be7 13. Ne1 O-O 14. a4 Qb6 15. Qf2
Qc7 16. Qe2 Qb6 17. Qf2 Qc7 18. axb5 axb5 19. Nd3 d6 20. exd6 Qxd6 21. Ne5 Qc7
22. Nxc6 Bxc6 23. Bxc6 Qxc6 24. f5 exf5 25. Qxf5 b4 26. Bb2 c4 27. bxc4 Qxc4
28. Bxg7 Qc5+ 29. Qxc5 Bxc5+ 30. d4 Kxg7 31. dxc5 Rxc5 32. Rf2 Rfc8 33. Ra2
R8c7 34. Kf1 Rc3 35. Rb2 Rb7 36. Rf4 b3 37. cxb3 Rcxb3 38. Rbf2 R3b4 39. Rxb4
1/2-1/2

[Event "BL 0304 Hamburger SK - SV Werder Bremen"]
[Site "?"]
[Date "2004.02.14"]
[Round "8.5"]
[White "Levin, Felix"]
[Black "Wahls, Matthias"]
[Result "1/2-1/2"]
[WhiteElo "2481"]
[BlackElo "2546"]
[PlyCount "38"]
[EventDate "2004.??.??"]

1. d4 Nf6 2. c4 e6 3. Nc3 Bb4 4. g3 O-O 5. Bg2 d5 6. Nf3 dxc4 7. O-O Nc6 8. Bg5
Rb8 9. e3 b5 10. Nd2 Bd7 11. Nce4 Be7 12. Nxf6+ Bxf6 13. Bxf6 Qxf6 14. b3 e5
15. bxc4 exd4 16. cxb5 Rxb5 17. Nb3 Rb4 18. Rc1 Rd8 19. Qc2 Rb6 1/2-1/2

[Event "BL 0304 Hamburger SK - SV Werder Bremen"]
[Site "?"]
[Date "2004.02.14"]
[Round "8.6"]
[White "Mueller, Karsten"]
[Black "Joachim, Sven"]
[Result "0-1"]
[WhiteElo "2521"]
[BlackElo "2434"]
[PlyCount "48"]
[EventDate "2004.??.??"]

1. e4 c5 2. Nf3 Nc6 3. d4 cxd4 4. Nxd4 Nf6 5. Nc3 e5 6. Ndb5 d6 7. Bg5 a6 8.
Na3 b5 9. Bxf6 gxf6 10. Nd5 f5 11. g3 fxe4 12. Bg2 Be6 13. Bxe4 Bg7 14. Qh5 Rc8
15. Rd1 Ne7 16. Qg5 Nxd5 17. Qxg7 Qf6 18. Qxf6 Nxf6 19. Bb7 Rc7 20. Bxa6 b4 21.
Nb5 Rxc2 22. O-O Ke7 23. Rxd6 Rb8 24. Re1 Rc5 0-1

[Event "BL 0304 Hamburger SK - SV Werder Bremen"]
[Site "?"]
[Date "2004.02.14"]
[Round "8.7"]
[White "Meins, Gerlef"]
[Black "Bezold, Michael"]
[Result "0-1"]
[WhiteElo "2454"]
[BlackElo "2456"]
[PlyCount "98"]
[EventDate "2004.??.??"]

1. d4 Nf6 2. c4 e6 3. g3 c5 4. Nf3 cxd4 5. Nxd4 Bb4+ 6. Bd2 Be7 7. Bg2 a6 8.
O-O O-O 9. e4 Qc7 10. Qe2 d6 11. Bc3 Nbd7 12. a4 Ne5 13. Nd2 Bd7 14. a5 Rac8
15. Rfc1 Rfe8 16. b3 h6 17. h3 Ng6 18. N4f3 Nh7 19. h4 Bf6 20. h5 Ne7 21. e5
dxe5 22. Nxe5 Bc6 23. Ndf3 Ng5 24. Nxc6 Nxc6 25. Bxf6 gxf6 26. Qb2 Nxf3+ 27.
Bxf3 Ne5 28. Be2 Red8 29. Qc3 Kg7 30. Rd1 Nc6 31. b4 e5 32. Bg4 Nd4 33. Qd3 Rb8
34. c5 Qc6 35. Re1 f5 36. Bd1 Qf6 37. Qe3 e4 38. Ra2 Rd7 39. Qf4 Rbd8 40. Kg2
Ne6 41. Qc1 Rd4 42. Bb3 f4 43. Qc3 f3+ 44. Kh2 Nf4 45. Bc4 Nd5 46. Qb3 Qf5 47.
Rd1 Qxh5+ 48. Kg1 Nf6 49. Rxd4 Ng4 0-1

[Event "BL 0304 SCA St Ingbert - SG Köln Porz"]
[Site "?"]
[Date "2004.02.15"]
[Round "8.1"]
[White "Lutz, Christopher"]
[Black "Marcelin, Cyril"]
[Result "1-0"]
[WhiteElo "2613"]
[BlackElo "2473"]
[PlyCount "79"]
[EventDate "2004.??.??"]

1. e4 e5 2. Nf3 Nc6 3. Bb5 Nf6 4. O-O Nxe4 5. d4 Nd6 6. Bxc6 dxc6 7. dxe5 Nf5
8. Qxd8+ Kxd8 9. Nc3 Be7 10. Rd1+ Ke8 11. Bg5 Bxg5 12. Nxg5 Ke7 13. Rd2 h6 14.
Nf3 Rd8 15. Rxd8 Kxd8 16. Rd1+ Ke8 17. h3 Be6 18. Kh2 Rd8 19. Rxd8+ Kxd8 20. g4
Ne7 21. Kg3 Kd7 22. Ne1 g5 23. f4 gxf4+ 24. Kxf4 Ng6+ 25. Ke4 Bc4 26. Nd3 Bxd3+
27. cxd3 Ke6 28. d4 f6 29. exf6 Kxf6 30. Kf3 Ke6 31. b4 b6 32. Ke4 Kf6 33. Kf3
Ke6 34. Ke4 Kf6 35. b5 cxb5 36. Nxb5 c6 37. Nxa7 Ne7 38. h4 b5 39. a3 Ke6 40.
Nxc6 1-0

[Event "BL 0304 SCA St Ingbert - SG Köln Porz"]
[Site "?"]
[Date "2004.02.15"]
[Round "8.2"]
[White "Lazarev, Vladimir"]
[Black "Van Wely, Loek"]
[Result "0-1"]
[WhiteElo "2526"]
[BlackElo "2654"]
[PlyCount "92"]
[EventDate "2004.??.??"]

1. d4 Nf6 2. c4 g6 3. Nc3 d5 4. Bf4 Bg7 5. e3 c5 6. dxc5 Qa5 7. Rc1 dxc4 8.
Bxc4 O-O 9. Nge2 Qxc5 10. Qb3 Nc6 11. Nb5 Qh5 12. Ng3 Qh4 13. Nc7 e5 14. Bxe5
Nxe5 15. Nxa8 Bd7 16. Nc7 Bc6 17. Nd5 Kh8 18. Nf4 g5 19. Nd3 Nxd3+ 20. Qxd3
Bxg2 21. Nf5 Qh3 22. Nxg7 Kxg7 23. Rg1 Rc8 24. Qd6 b5 25. Qe5 h6 26. Qxb5 Qxh2
27. Ke2 Rb8 28. Rxg2 Qh5+ 29. f3 Rxb5 30. Bxb5 Qh3 31. Rcg1 Qe6 32. Kf2 Qxa2
33. Be2 Qxb2 34. Rd1 Qe5 35. Rd4 Nd5 36. Rd3 Kf8 37. Rg4 Nc3 38. Bf1 h5 39. Rc4
Nb5 40. Rb3 Nd6 41. Ra4 a5 42. Rba3 Qh2+ 43. Ke1 Qg1 44. e4 h4 45. Rd3 h3 46.
Rxd6 Qg3+ 0-1

[Event "BL 0304 SCA St Ingbert - SG Köln Porz"]
[Site "?"]
[Date "2004.02.15"]
[Round "8.3"]
[White "Andersson, Ulf"]
[Black "Bricard, Emmanuel"]
[Result "1/2-1/2"]
[WhiteElo "2566"]
[BlackElo "2453"]
[PlyCount "100"]
[EventDate "2004.??.??"]

1. Nf3 d6 2. d4 g6 3. g3 Bg7 4. Bg2 Nd7 5. O-O Nh6 6. e4 O-O 7. a4 e6 8. Re1 f6
9. Nbd2 Nf7 10. c3 Re8 11. a5 a6 12. Qc2 Nf8 13. b4 g5 14. h4 Ng6 15. hxg5 fxg5
16. e5 g4 17. Nh2 dxe5 18. Bb2 Qg5 19. Ne4 Qf5 20. Qe2 h5 21. f3 gxf3 22. Nxf3
Bd7 23. Nfd2 Ne7 24. Rf1 Qg6 25. Nf3 Nf5 26. dxe5 Nxg3 27. Nxg3 Qxg3 28. Rae1
Rf8 29. Qf2 Qg4 30. Qd4 Bc6 31. Qxg4 hxg4 32. Nd4 Nxe5 33. Nxc6 bxc6 34. Bc1
Nf3+ 35. Bxf3 gxf3 36. Rxe6 Bxc3 37. Rxc6 Bd4+ 38. Kh2 Rae8 39. Kg3 f2 40. Kg2
Rf7 41. Rg6+ Kf8 42. Rg4 Rd7 43. Bf4 Re1 44. Bg3 Rxf1 45. Kxf1 Be3 46. Bxf2 Rf7
47. Rg2 Ke7 48. Ke2 Bxf2 49. Rxf2 Rxf2+ 50. Kxf2 Kd6 1/2-1/2

[Event "BL 0304 SCA St Ingbert - SG Köln Porz"]
[Site "?"]
[Date "2004.02.15"]
[Round "8.4"]
[White "Drollinger, Dennis"]
[Black "Beliavsky, Alexander G"]
[Result "0-1"]
[WhiteElo "2275"]
[BlackElo "2667"]
[PlyCount "73"]
[EventDate "2004.??.??"]

1. e4 d6 2. d4 Nf6 3. f3 c5 4. Bb5+ Nbd7 5. c3 a6 6. Ba4 b5 7. Bb3 e6 8. Ne2
Be7 9. O-O O-O 10. Be3 a5 11. a3 Ba6 12. Nd2 Qb8 13. Kh1 b4 14. axb4 axb4 15.
Re1 Rc8 16. Rc1 Bf8 17. Ng3 g6 18. f4 bxc3 19. bxc3 cxd4 20. cxd4 Rxc1 21. Qxc1
Ng4 22. Bg1 Bh6 23. Bd1 Ngf6 24. Nf3 Qb4 25. Be3 Ng4 26. Qd2 Qxd2 27. Bxd2 Nf2+
28. Kg1 Nd3 29. Re2 Nxf4 30. Bxf4 Bxf4 31. Rb2 Nf6 32. Nf1 Nxe4 33. Bc2 Nc3 34.
g3 Bh6 35. Rb6 Nd5 36. Rxd6 Bxf1 37. Kxf1 0-1

[Event "BL 0304 SCA St Ingbert - SG Köln Porz"]
[Site "?"]
[Date "2004.02.15"]
[Round "8.5"]
[White "Graf, Alexander"]
[Black "Martinovic, Slobodan"]
[Result "1-0"]
[WhiteElo "2646"]
[BlackElo "2466"]
[PlyCount "161"]
[EventDate "2004.??.??"]

1. d4 Nf6 2. c4 d6 3. Nc3 Bf5 4. g3 e5 5. Bg2 c6 6. Nf3 Nbd7 7. O-O Be7 8. Nh4
Bg6 9. Nxg6 hxg6 10. e3 O-O 11. b3 Re8 12. Bb2 Qc7 13. Qc2 exd4 14. exd4 Nb6
15. Rad1 Rad8 16. Ne2 Nh7 17. Bc1 Nd7 18. h4 Ndf8 19. Kh2 g5 20. hxg5 Bxg5 21.
Bb2 f5 22. b4 Qf7 23. Ng1 f4 24. d5 Qh5+ 25. Bh3 Bf6 26. Bc1 fxg3+ 27. fxg3 Ng5
28. Bxg5 Qxg5 29. Nf3 Qe3 30. Kg2 Qc3 31. Qxc3 Bxc3 32. dxc6 bxc6 33. b5 cxb5
34. cxb5 Re2+ 35. Rf2 Rxf2+ 36. Kxf2 Bb4 37. Nd4 Re8 38. Kf3 g6 39. Nb3 Re5 40.
a4 Nh7 41. Bf1 Ng5+ 42. Kg2 Ne4 43. Rd4 Be1 44. Bd3 d5 45. a5 Rg5 46. a6 Bxg3
47. Rxd5 Bc7+ 48. Rxg5 Nxg5 49. Nc5 Kf7 50. Nd7 Ne6 51. Bc4 Ke7 52. b6 Bxb6 53.
Nxb6 Nc5 54. Nc8+ Kd7 55. Nxa7 g5 56. Kh3 Kd8 57. Kg4 Kd7 58. Kf5 Kd8 59. Kxg5
Kd7 60. Kf5 Nxa6 61. Bxa6 Kd6 62. Bd3 Kd5 63. Nb5 Kc6 64. Ke5 Kc5 65. Nc3 Kb4
66. Ne4 Kb3 67. Kd4 Kb4 68. Bc4 Ka4 69. Nf6 Ka5 70. Kc3 Ka4 71. Nd5 Ka5 72. Nc7
Ka4 73. Nb5 Ka5 74. Kb3 Kb6 75. Kb4 Kc6 76. Be6 Kb6 77. Bd7 Ka6 78. Nc3 Kb7 79.
Nd5 Ka6 80. Ka4 Ka7 81. Ka5 1-0

[Event "BL 0304 SCA St Ingbert - SG Köln Porz"]
[Site "?"]
[Date "2004.02.15"]
[Round "8.7"]
[White "Hansen, Curt"]
[Black "Mackensy, Thomas"]
[Result "1-0"]
[WhiteElo "2616"]
[BlackElo "2198"]
[PlyCount "81"]
[EventDate "2004.??.??"]

1. d4 Nf6 2. c4 c5 3. d5 b5 4. cxb5 a6 5. bxa6 g6 6. Nc3 Bxa6 7. e4 Bxf1 8.
Kxf1 d6 9. Nf3 Nbd7 10. g3 Bg7 11. Kg2 O-O 12. Re1 Qc7 13. h3 Qb7 14. Re2 Nb6
15. Bg5 h6 16. Bf4 Nfd7 17. Rc1 Ra6 18. b3 Rfa8 19. a4 c4 20. Be3 cxb3 21. Qxb3
Qb8 22. Ra2 Kh7 23. Qc2 Bxc3 24. Qxc3 Nxa4 25. Qd2 Nac5 26. Rb2 Rb6 27. Rxb6
Qxb6 28. e5 Qb3 29. exd6 exd6 30. Bxh6 Ne4 31. Ng5+ Nxg5 32. Bxg5 Ne5 33. Rc3
Qb1 34. Qf4 Ra1 35. Rc1 Qb2 36. Rxa1 Qxa1 37. Bf6 Qd1 38. Qh4+ Qh5 39. Qxh5+
gxh5 40. Bxe5 dxe5 41. d6 1-0

[Event "BL 0304 SCA St Ingbert - SG Köln Porz"]
[Site "?"]
[Date "2004.02.15"]
[Round "8.8"]
[White "Bock, Andreas"]
[Black "Van den Doel, Erik"]
[Result "0-1"]
[WhiteElo "2149"]
[BlackElo "2609"]
[PlyCount "38"]
[EventDate "2004.??.??"]

1. e4 e5 2. Nf3 Nc6 3. Bc4 Bc5 4. c3 Nf6 5. d4 exd4 6. e5 d5 7. Bb5 Ne4 8. cxd4
Bb6 9. O-O O-O 10. Qa4 Bg4 11. Bxc6 bxc6 12. Nbd2 Nxd2 13. Nxd2 f6 14. h3 Be2
15. Re1 Bb5 16. Qb4 fxe5 17. Rxe5 Qd6 18. Qc3 Rxf2 19. Nf3 Rxf3 0-1

[Event "BL 0304 SV Hofheim - SF Katernberg"]
[Site "?"]
[Date "2004.02.15"]
[Round "8.2"]
[White "Hickl, Joerg"]
[Black "Chuchelov, Vladimir"]
[Result "1/2-1/2"]
[WhiteElo "2562"]
[BlackElo "2603"]
[PlyCount "85"]
[EventDate "2004.??.??"]

1. c4 Nf6 2. g3 e6 3. Bg2 d5 4. Nf3 Be7 5. O-O O-O 6. b3 c5 7. Bb2 Nc6 8. e3 d4
9. exd4 cxd4 10. Re1 Ne8 11. d3 f6 12. Ba3 e5 13. Bxe7 Qxe7 14. a3 a5 15. Nbd2
Nc7 16. Qc2 Be6 17. Ne4 Kh8 18. h4 h6 19. Nh2 Rad8 20. Nd2 g5 21. hxg5 hxg5 22.
Qd1 Qh7 23. Qe2 Kg7 24. Be4 Qh3 25. b4 Rh8 26. Ndf1 Bc8 27. Rab1 axb4 28. axb4
Ne7 29. Bf3 Ng6 30. Bg4 Bxg4 31. Qxg4 Qxg4 32. Nxg4 Ra8 33. Ra1 Rxa1 34. Rxa1
Ra8 35. Rxa8 Nxa8 36. b5 Nc7 37. f3 Ne6 38. Nd2 Ngf8 39. Nb3 Nd7 40. Kf2 Ndc5
41. Nxc5 Nxc5 42. Ke2 Kf7 43. Nf2 1/2-1/2

[Event "BL 0304 SV Hofheim - SF Katernberg"]
[Site "?"]
[Date "2004.02.15"]
[Round "8.3"]
[White "Glek, Igor V"]
[Black "Krivoshey, Sergei"]
[Result "0-1"]
[WhiteElo "2555"]
[BlackElo "2495"]
[PlyCount "67"]
[EventDate "2004.??.??"]

1. e4 c5 2. Nf3 g6 3. c3 Bg7 4. d4 cxd4 5. cxd4 d5 6. exd5 Nf6 7. Bc4 O-O 8.
Nc3 Nbd7 9. O-O Nb6 10. Bb3 Nbxd5 11. Re1 b6 12. Ne5 Bb7 13. Qf3 Rc8 14. Qh3 a6
15. Bg5 Rc7 16. Rac1 Nxc3 17. bxc3 b5 18. Ng4 Nxg4 19. Qxg4 Qc8 20. Qg3 e6 21.
h4 Bd5 22. Bxd5 exd5 23. h5 Rd7 24. h6 Bh8 25. Be7 Re8 26. Qh4 Qc6 27. Bf6 Rd6
28. Bxh8 Kxh8 29. Re3 Rde6 30. Rce1 Re4 31. Rxe4 dxe4 32. Re3 Kg8 33. d5 Qxd5
34. Qf6 0-1

[Event "BL 0304 SV Hofheim - SF Katernberg"]
[Site "?"]
[Date "2004.02.15"]
[Round "8.4"]
[White "Ginsburg, Gennadi"]
[Black "Moreno Carnero, Javier"]
[Result "0-1"]
[WhiteElo "2483"]
[BlackElo "2516"]
[PlyCount "108"]
[EventDate "2004.??.??"]

1. e4 c5 2. Nf3 d6 3. d4 Nf6 4. Nc3 cxd4 5. Nxd4 a6 6. Bg5 e6 7. f4 Qc7 8. Bxf6
gxf6 9. Qf3 b5 10. O-O-O b4 11. Nd5 exd5 12. exd5 Bg7 13. Bd3 f5 14. Rhe1+ Kf8
15. Qe3 Qd8 16. Bxf5 Bb7 17. g4 a5 18. g5 Na6 19. Nc6 Qc7 20. Qf3 Bxc6 21. dxc6
a4 22. Re3 a3 23. b3 Bc3 24. Rxc3 bxc3 25. Qxc3 Rg8 26. Bxh7 Rg7 27. Be4 d5 28.
Bxd5 Qxf4+ 29. Kb1 Rd8 30. Qa5 Nc7 31. Qxa3+ Qd6 32. Qxd6+ Rxd6 33. c4 Rxg5 34.
h4 Rh5 35. b4 Rxh4 36. b5 Rxc4 37. Bxc4 Rxd1+ 38. Kc2 Rd6 39. a4 Ke7 40. Kc3
Nd5+ 41. Kb3 Nb6 42. a5 Nxc4 43. Kxc4 Kd8 44. Kc5 Rd1 45. b6 Ra1 46. Kb5 Kc8
47. a6 Kb8 48. a7+ Ka8 49. Kc5 f5 50. Kd6 f4 51. Kd7 Rd1+ 52. Ke7 Rh1 53. Kd6
Rh8 54. c7 Kb7 0-1

[Event "BL 0304 SV Hofheim - SF Katernberg"]
[Site "?"]
[Date "2004.02.15"]
[Round "8.5"]
[White "Senff, Martin"]
[Black "Zude, Arno"]
[Result "1-0"]
[WhiteElo "2446"]
[BlackElo "2382"]
[PlyCount "141"]
[EventDate "2004.??.??"]

1. d4 Nf6 2. Nf3 e6 3. c4 b6 4. e3 Bb7 5. Bd3 c5 6. O-O cxd4 7. exd4 Be7 8. Nc3
O-O 9. d5 exd5 10. cxd5 h6 11. Bc2 d6 12. Nd4 Nbd7 13. Nf5 Re8 14. Bf4 Ne5 15.
Ba4 Nfd7 16. Bxe5 Nxe5 17. Bxe8 Qxe8 18. Re1 Bf8 19. f4 Qd7 20. Nxh6+ gxh6 21.
fxe5 dxe5 22. Rxe5 Bg7 23. Re3 b5 24. a3 a5 25. Rg3 Kh8 26. Rxg7 Kxg7 27. Qd4+
f6 28. Rf1 Ra6 29. Re1 Rd6 30. Rd1 Qe8 31. Qc5 Qd7 32. h3 Ba8 33. Re1 Kf7 34.
Rd1 Kg7 35. b4 axb4 36. axb4 Bb7 37. Rd3 Kf7 38. Qe3 Qe7 39. Kf2 Qe5 40. Qxe5
fxe5 41. Ke3 Rg6 42. Ke4 Rxg2 43. Kxe5 Rb2 44. Ne4 Bxd5 45. Rxd5 Rxb4 46. Kf5
Ke7 47. Nf6 Rb1 48. Rd7+ Kf8 49. Rd8+ Kf7 50. Rd7+ Kf8 51. Kg6 Rg1+ 52. Kxh6 b4
53. Nh7+ Ke8 54. Nf6+ Kf8 55. Rb7 Rb1 56. Kg6 Rg1+ 57. Kh6 Rb1 58. h4 b3 59.
Nh7+ Ke8 60. h5 Kd8 61. Ng5 Kc8 62. Rb4 Kc7 63. Kg6 Kc6 64. h6 Kc5 65. Rb8 Kc4
66. h7 Rh1 67. h8=Q Rxh8 68. Rxh8 b2 69. Rb8 Kc3 70. Nf3 Kc2 71. Ne1+ 1-0

[Event "BL 0304 SV Hofheim - SF Katernberg"]
[Site "?"]
[Date "2004.02.15"]
[Round "8.6"]
[White "Buchal, Stephan"]
[Black "L'Ami, Erwin"]
[Result "0-1"]
[WhiteElo "2363"]
[BlackElo "2470"]
[PlyCount "80"]
[EventDate "2004.??.??"]

1. e4 c6 2. d3 d5 3. Nd2 g6 4. Ngf3 Bg7 5. g3 e5 6. Bg2 Ne7 7. O-O O-O 8. Re1
d4 9. Nc4 Qc7 10. a4 c5 11. c3 Nec6 12. cxd4 cxd4 13. Bd2 Na6 14. Rb1 Nab4 15.
Qb3 a5 16. Rec1 h6 17. Ne1 Be6 18. Nc2 Na6 19. N2a3 Nc5 20. Qc2 Rfc8 21. Nb5
Qd8 22. b3 Bf8 23. f4 exf4 24. gxf4 Bxc4 25. bxc4 Nb4 26. Bxb4 axb4 27. e5 Rxa4
28. Bd5 b3 29. Qg2 Kg7 30. Qg3 Rca8 31. Nxd4 Qb6 32. Kh1 b2 33. Rg1 Ra1 34. Nc2
Rxb1 35. Rxb1 Qb3 36. Qh4 Ra6 37. Ne1 Qa2 38. f5 Qxb1 39. f6+ Kh7 40. Bxf7 Ra1
0-1

[Event "BL 0304 SV Hofheim - SF Katernberg"]
[Site "?"]
[Date "2004.02.15"]
[Round "8.7"]
[White "Siebrecht, Sebastian"]
[Black "Zude, Erik Dr"]
[Result "0-1"]
[WhiteElo "2435"]
[BlackElo "2349"]
[PlyCount "132"]
[EventDate "2004.??.??"]

1. d4 Nf6 2. Nf3 g6 3. Bg5 Bg7 4. Nbd2 O-O 5. e4 d6 6. c3 c5 7. dxc5 dxc5 8.
Bc4 Nc6 9. Qe2 Qc7 10. O-O e6 11. Rac1 b6 12. b4 Bb7 13. b5 Na5 14. e5 Nxc4 15.
exf6 Nxd2 16. Nxd2 Bh8 17. Nc4 Rfd8 18. f4 h6 19. Bh4 Rd5 20. Ne3 Rh5 21. Qg4
c4 22. Rce1 Qc5 23. a4 Rd8 24. Bf2 Bxf6 25. Nc2 Qf5 26. Qxf5 Rxf5 27. Bd4 Bxd4+
28. Nxd4 Rc5 29. Ra1 g5 30. Rae1 gxf4 31. Rxf4 Rg5 32. Rf2 Rdd5 33. Ref1 Rg7
34. Re1 Rdg5 35. Ree2 Bd5 36. Kf1 R7g6 37. Nc2 Kf8 38. Nb4 Bb7 39. g3 Ke7 40.
Rf4 Rf6 41. Ref2 Rxf4 42. Rxf4 Rc5 43. Rh4 h5 44. Kf2 Kf6 45. Rd4 Rf5+ 46. Ke2
Bf3+ 47. Ke3 Bd5 48. Nxd5+ exd5 49. Rh4 Ke6 50. Ke2 Kd6 51. Ke3 Ke5 52. Ke2 Ke6
53. Ke3 Rf1 54. Rxh5 Rd1 55. Rh6+ Ke5 56. Rh5+ f5 57. g4 Rd3+ 58. Ke2 Rxc3 59.
gxf5 Rc2+ 60. Kd1 Rf2 61. Rh7 Kd4 62. Rxa7 Kd3 63. Ke1 Rxf5 64. Ra6 c3 65. Rxb6
c2 66. Rc6 Rf4 0-1

[Event "BL 0304 SC Kreuzberg - SK König Plauen"]
[Site "?"]
[Date "2004.02.15"]
[Round "9.1"]
[White "Kindermann, Stefan"]
[Black "Almasi, Zoltan"]
[Result "1/2-1/2"]
[WhiteElo "2542"]
[BlackElo "2631"]
[PlyCount "21"]
[EventDate "2004.??.??"]

1. e4 e5 2. Nf3 Nc6 3. Bb5 Nf6 4. O-O Nxe4 5. d4 Nd6 6. dxe5 Nxb5 7. a4 Nbd4 8.
Nxd4 Nxd4 9. Qxd4 d5 10. exd6 Qxd6 11. Qe3+ 1/2-1/2

[Event "BL 0304 SC Kreuzberg - SK König Plauen"]
[Site "?"]
[Date "2004.02.15"]
[Round "9.2"]
[White "Maiwald, Jens-Uwe"]
[Black "Espig, Lutz"]
[Result "1/2-1/2"]
[WhiteElo "2543"]
[BlackElo "2429"]
[PlyCount "48"]
[EventDate "2004.??.??"]

1. e4 c5 2. d3 Nc6 3. g3 g6 4. Bg2 Bg7 5. f4 d6 6. Nf3 e6 7. O-O Nge7 8. c3 O-O
9. a4 b6 10. Na3 Bb7 11. Re1 Qd7 12. Bd2 Rad8 13. Nc2 h6 14. Qe2 Kh7 15. Ra3 d5
16. e5 d4 17. c4 a5 18. g4 Nb4 19. Nxb4 axb4 20. Raa1 Nc6 21. b3 Na5 22. Rab1
Bc6 23. h3 Rde8 24. Qf2 Qb7 1/2-1/2

[Event "BL 0304 SC Kreuzberg - SK König Plauen"]
[Site "?"]
[Date "2004.02.15"]
[Round "9.4"]
[White "Lau, Ralf"]
[Black "Sandner, Gunter"]
[Result "1/2-1/2"]
[WhiteElo "2503"]
[BlackElo "2311"]
[PlyCount "89"]
[EventDate "2004.??.??"]

1. d4 Nf6 2. Nf3 c5 3. e3 d5 4. c3 Qc7 5. Be2 g6 6. dxc5 Qxc5 7. b4 Qc7 8. O-O
Bg7 9. Bb2 O-O 10. Nbd2 Bg4 11. Rc1 Nc6 12. h3 Bxf3 13. Nxf3 Ne5 14. Nxe5 Qxe5
15. Ba1 Qd6 16. c4 Qxb4 17. cxd5 Qa5 18. Bc4 Rfd8 19. Qb3 Rd7 20. Bc3 Qd8 21.
Rcd1 Rc8 22. Bb5 Rd6 23. Be5 Rb6 24. Bd4 Rd6 25. Be5 Rb6 26. Bd4 Rd6 27. Bxa7
Nxd5 28. Bc4 e6 29. Bd4 Bxd4 30. Rxd4 Nb6 31. Rxd6 Qxd6 32. Be2 Ra8 33. Rd1 Qc7
34. Bf3 Ra7 35. Qb2 Nd7 36. Rc1 Qe5 37. Qd2 b6 38. Bc6 Nf6 39. a4 Kg7 40. f4
Qb8 41. Qb2 Rc7 42. g4 Qc8 43. g5 Rxc6 44. Qxf6+ Kg8 45. Rxc6 1/2-1/2

[Event "BL 0304 SC Kreuzberg - SK König Plauen"]
[Site "?"]
[Date "2004.02.15"]
[Round "9.5"]
[White "Kuraszkiewicz, Michael"]
[Black "Kalinitschew, Sergey"]
[Result "1/2-1/2"]
[WhiteElo "2304"]
[BlackElo "2519"]
[PlyCount "59"]
[EventDate "2004.??.??"]

1. d4 Nf6 2. c4 c5 3. d5 b5 4. Nf3 g6 5. Qc2 Bg7 6. e4 O-O 7. cxb5 d6 8. Nc3 a6
9. h3 Qa5 10. Bd2 axb5 11. Bxb5 Nxe4 12. Qxe4 Bxc3 13. bxc3 Qxb5 14. c4 Ra4 15.
O-O Rxc4 16. Qxe7 Qd7 17. Qf6 Qd8 18. Qb2 Nd7 19. Bh6 Qf6 20. Qxf6 Nxf6 21.
Bxf8 Kxf8 22. Rfb1 Bd7 23. Rb8+ Kg7 24. Rb6 Ne4 25. Ne1 Rd4 26. f3 Nc3 27. Rxd6
Ba4 28. Rd8 Nxd5 29. Rc1 c4 30. Rxd5 1/2-1/2

[Event "BL 0304 SC Kreuzberg - SK König Plauen"]
[Site "?"]
[Date "2004.02.15"]
[Round "9.6"]
[White "Volke, Karsten"]
[Black "Dirr, Ulrich"]
[Result "1-0"]
[WhiteElo "2467"]
[BlackElo "2299"]
[PlyCount "67"]
[EventDate "2004.??.??"]

1. c4 f5 2. Nc3 Nf6 3. g3 g6 4. Bg2 Bg7 5. d3 d6 6. e4 c5 7. exf5 gxf5 8. d4
cxd4 9. Qxd4 Nc6 10. Qd1 O-O 11. Nge2 Be6 12. b3 Ne4 13. Bb2 Qa5 14. Rc1 Nxc3
15. Bxc3 Bxc3+ 16. Nxc3 Qe5+ 17. Qe2 Qxe2+ 18. Nxe2 Rad8 19. O-O Bf7 20. Bxc6
bxc6 21. Nd4 e5 22. Nxc6 Rd7 23. Rfd1 Re8 24. Rd2 Bh5 25. Re1 e4 26. Rd5 Bg4
27. f4 Bh3 28. Nd4 Rf8 29. Kf2 Rf6 30. c5 Kf8 31. c6 Rc7 32. Rc1 a6 33. b4 Bg4
34. a4 1-0